| 000 | 00459nam a2200181Ia 4500 | ||
|---|---|---|---|
| 001 | 20223 | ||
| 005 | 20260306172750.0 | ||
| 008 | 260306t2012||||xx |||||||||||||| ||spa|| | ||
| 041 | _aESP | ||
| 082 |
_a343 _bP19 |
||
| 100 |
_aPalazzo, Eugenio Luis _eAUT |
||
| 245 | 0 | _aEstudios de derecho constitucional con motivo del bicentenario | |
| 260 | _c2012 | ||
| 300 |
_a744 páginas : _c23 cm. |
||
| 650 | _aGEN | ||
| 654 | _aCDE | ||
| 942 |
_cLIB _dJUS _fJUS _2ddc _n |
||
| 999 |
_c20223 _d20223 |
||